000 00478nam a22001817a 4500
008 240806b |||||||| |||| 00| 0 eng d
020 _a9781859962572
082 _a577
100 _aMackenzie, Aulay.
245 _aEcology:
_bInstant Notes
250 _a2nd ed.
260 _aNew York:
_bTaylor & Francis,
_c2001.
300 _avii,339 p.;
_bill,
_c24.5 Cm.
700 _aBall, Andy S.
_eAuthor
700 _aVirdee, Sonia R.
_eAothor
942 _2ddc
999 _c9955
_d9956